000 01188nam a22002657a 4500
005 20170124103159.0
010 _aB-175282
020 _c500.00
_a9788170286387
035 _aB-175282
037 _bCen Lib/Ret
040 _aDPL
_bHN
082 _a330.954
_bअमर्त्य
100 _aअमर्त्य सेन
_990839
245 _aभारतीय अर्थतन्त्र इतिहास और संस्कृति /
_cअमर्त्य सेन
246 _aBhartiya arthtantr itihas aur sanskriti /
_bby Amratya Sen
260 _a दिल्ली
_bराजपाल एंड संस
_c2006
270 _bदिल्ली
_e110006
_aकश्मीरी गेट
300 _axii,326पृ.
_c20सेमी(सजिल्द )
500 _aअनुक्रमाणिका शामिल
650 _aअर्थतंत्र--भारत
_x
_z
_990840
650 _aअर्थतंत्र--संस्कृति--भारत
_980133
650 _aEconomy - India
_990841
650 _aEconomy - Culture - India
_990842
942 _2ddc
_cHN
_h330.954
_mअमर्त्य
999 _c120519
_d120519